000 00661nam a22002057a 4500
999 _c15643
_d15643
003 AR-CdUCM
008 190429b ||||| |||| 00| 0 spa d
040 _aMUNICIPALIDAD PROVINCIAL DEL CUSCO
_cBIBLIOTECA MUNICIPAL DEL CUSCO
082 _a781.785 /
_bS21
100 _aSanchez Malaga, Carlos
_934779
245 _aDos corales a capela /
300 _a10 páginas ;
_bPartituras,
_c23 cm.
440 _acuadernos de cocodrilo
_932794
505 _aContenido: Marinera -- Pajarillo errante.
650 _aMúsica peruana
_913720
650 _aMarinera
_934780
650 _aCanciones del norte
_934781
942 _2ddc
_cFOLLETOS
945 _adavv
_d29/04/2019